Math quiz - Statistics

General Stats
  • This quiz has been taken 11 times
  • The average score is 7 of 15
Answer Stats
Question Answer % Correct
What is the value of ln(1)? 0
88%
What is the drivative of ln(|x|)? 1/x
75%
What is the value of ln(n*e)? ln(n)+1
75%
What does the derivative represent? the tangent's slope
75%
If the graph of the function y=x² is moved one unit to the left, what would the new function be equal to? y=(x+1)²
75%
In radians, 𝝅 is equal to what number in degrees? 180
63%
𝝅 is equal to what number in degrees? ≈ 3.14
63%
Which of the following is undefined in the real plane (non imaginary plane / not complex)? ln(-1)
50%
What is the drivative of ln(-x)? 1/x
38%
What is the value of ln(e^n)? n
38%
What value of x gives a negative answer to y in y=x²? x=i
38%
What is the derivative of |x|? |x|/x
38%
What CAN be the integral for the function y=cos(x)? y=sin(x)
13%
In degrees, if the graph of the function y=sin(x) is moved 360 units to the right, what would the new function be equal to? y=sin(x)
13%
x=e^y. If this function is rewritten in terms of x, what would the new function be equal to? y=e^x
0%
No matching quizzes found
Score Distribution
Percent of People with Each Score
Percentile by Number Answered
Your Score History
You have not taken this quiz